00319nam a22001217a 450000500170000000800410001704100130005808200120007110000120008324500460009530000310014165000250017220240805071700.0240805b |||||||| |||| 00| 0 eng d aEnglish  a349 SOU lEnglish aSouth African Law Reports: Natal Reports  bliii, 558 pages; c25 cm.  aLegal practice bLaw